[Event "Klatovy op-B 24th"]
[Site "Klatovy"]
[Date "2018.07.06"]
[Round "7"]
[White "Fiala, Jonas"]
[Black "Simunek, Jakub Simon"]
[Result "0-1"]
[WhiteElo "1000"]
[BlackElo "1578"]
[PlyCount "44"]
[EventDate "2018.06.30"]
[EventType "swiss"]
[EventRounds "9"]
[EventCountry "CZE"]
[SourceTitle "EXT 2019"]
[Source "ChessBase"]
[SourceDate "2018.10.10"]
[SourceVersion "1"]
[SourceVersionDate "2018.10.10"]
[SourceQuality "1"]

1. e4 c6 2. Nc3 d5 3. d4 dxe4 4. Nxe4 Nf6 5. Nxf6+ exf6 6. Nf3 Bd6 7. Bd3 0-0 8. 0-0 Qc7 9. h3 Rd8 10. Be3 Nd7 11. c4 Nf8 12. Nh4 Ng6 13. Nxg6 hxg6 14. Re1 Be6 15. a3 Qd7 16. Qa4 Bxh3 17. g3 Kh7 18. Kh2 Rh8 19. Rh1 Rae8 20. d5 Bxg3+ 21. fxg3 Rxe3 22. Bf1 Qg4 0-1